Quiz sur les drapeaux des Balkans - Statistiques

Statistiques générales
  • Ce quiz a été pris 379 fois
  • Le résultat moyen est 12 sur 13
Statistiques - réponses
Par images Réponse % Correct
Albanie
99%
Grèce
99%
Croatie
98%
Kosovo
98%
Roumanie
98%
Bosnie Herzégovine
97%
Macédoine du Nord
97%
Serbie
97%
Bulgarie
96%
Monténégro
95%
Slovénie
95%
Turquie
95%
Moldavie
84%
Aucun quiz correspondant
Distribution des résultats
% des personnes avec chaque résultat
Percentile par nombre de réponses
Votre historique - résultats
Vous n’avez pas pris ce quiz